000 00765cam a22002774a 4500
001 16769406
005 20180111092414.0
008 110509s2013 maua 001 0 eng
010 _a 2011013318
020 _a9780321785046
020 _a0321785045
020 _a9780321785947
020 _a0321785940
035 _a(OCoLC)ocn722841969
040 _aDLC
_beng
_cDLC
_dYDX
_dYDXCP
_dBWX
_dDLC
041 _aeng
042 _apcc
080 _a512.9 GAY
082 0 0 _a512.9 GAY
_223
100 1 _a36
101 _aMAT
245 1 0 _aIntermediate algebra /
_cElayn Martin-Gay.
906 _a7
_bcbc
_corignew
_d1
_eecip
_f20
_gy-gencatlg
942 _2ddc
_cBK
999 _c40146
_d40146